| 000 | 00407nam a2200169Ia 4500 | ||
|---|---|---|---|
| 008 | 090124s9999 xx 000 0 und d | ||
| 082 | _b7222 | ||
| 100 | _aPUSHKIN A.S. | ||
| 245 | _aBEST RUSSIAN SHORT STORIES | ||
| 250 | _a0 | ||
| 300 | _a231 | ||
| 600 | _aPUSHKIN A.S. | ||
| 630 | _aBEST RUSSIAN SHORT STORIES | ||
| 700 | _aPUSHKIN A.S. | ||
| 730 | _aBEST RUSSIAN SHORT STORIES | ||
| 942 | _cBOOK | ||
| 999 |
_c85493 _d85493 |
||